Datum a čas kvízu
15.5
Celkem bodů
Celkový počet nahraných bodů na tomto kvízu bez doplňovacích otázek.
13.
Pořadí na kvízu
Konečné umístění týmu na tomto kvízu.
Zaznamenané odpovědi
| # | Otázka | Odpověď | Body | Výsledky |
|---|---|---|---|---|
| 1. | Jak se jmenuje český politik,... | Jiří Pospíšil | 0 | |
| 2. | V Dánsku se stala hitem satiri... | California | 0 | |
| 3. | Který 56letý americký rockový... | Marilyn Manson | 0 | |
| 4. | V úterý byl představen Index p... | Turnov, Luhačovice | 0.5 | |
| 5. | V ligovém zápase mezi fotbalis... | výpadek světel | 1 | |
| 6. | Vítězné téma facebookového hla... | Crassus | 0 | |
| 7. | Který diktátor dopadl na konci... | Benito Mussolini | 0 | |
| 8. | Na fotce je rodný dům diktátor... | Kim Ir-sen (Kim Il-sung) | 0 | |
| 9. | Který diktátor se nechal před... | Alexandr Lukašenko | 0 | |
| 10. | Mezi mnoho afrických diktátorů... | Uganda, Kampaly | 0 |